Name Harry Potter Characters Quiz Stats

 Plays Quiz not verified by Sporcle

Support Sporcle.
Go Orange.
Score 0/150 Timer 20:00
0 Plays Today
% Correct
Ron Weasley
100%
Fred Weasley
100%
George Weasley
100%
Arthur Weasley
100%
Ginny Weasley
100%
Harry Potter
98.2%
Hermione Granger
98.2%
Molly Weasley
98.2%
Percy Weasley
98.2%
Bill Weasley
98.2%
Charlie Weasley
98.2%
Albus Dumbledore
94.7%
Remus Lupin
94.7%
Aberforth Dumbledore
94.7%
Rubeus Hagrid
93%
Severus Snape
93%
James Potter
93%
Ariana Dumbledore
93%
Sirius Black
91.2%
Draco malfoy
91.2%
Lucius Malfoy
91.2%
Narcissa Malfoy
91.2%
Regulus Black
91.2%
Voldemort
89.5%
Phineas Nigellus Black
89.5%
Albus Severus Potter
89.5%
Minerva McGonagall
86%
Filius Flitwick
86%
Neville Longbottom
84.2%
Dolores Umbridge
84.2%
Bellatrix Lestrange
84.2%
Nymphadora Tonks
80.7%
Vernon Dursley
80.7%
Dudley Dursley
80.7%
Petunia Dursley
80.7%
Hedwig
80.7%
Ted Tonks
80.7%
Cornelius Fudge
78.9%
Fleur Delacour
78.9%
Alastor Moody
77.2%
Luna Lovegood
77.2%
Cedric Diggory
77.2%
Dean Thomas
77.2%
Seamus Finnigan
77.2%
Quirinius Quirrell
77.2%
Amos Diggory
77.2%
Marge Dursley
77.2%
Dobby
75.4%
Gilderoy Lockhart
75.4%
Xenophilius Lovegood
75.4%
% Correct
Horace Slughorn
73.7%
Viktor Krum
73.7%
Parvati Patil
73.7%
Katie Bell
73.7%
Fluffy
73.7%
Cho Chang
71.9%
Lavendar Brown
71.9%
Fang
71.9%
Aragog
71.9%
Sybill Trelawney
70.2%
Rufus Scrimgeour
70.2%
Pomona Sprout
70.2%
Kreacher
68.4%
Gregory Goyle
68.4%
Nearly Headless Nick
68.4%
Argus Filch
66.7%
Vincent Crabbe
66.7%
Winky
66.7%
Angelina Johnson
66.7%
Firenze
66.7%
Zacharias Smith
66.7%
Hepzibah Smith
66.7%
Merope Gaunt
64.9%
Oliver Wood
64.9%
Marvolo Gaunt
64.9%
Buckbeak
63.2%
Olympe Maxime
63.2%
Morfin Gaunt
63.2%
Yaxley
63.2%
Bloody Baron
63.2%
Igor Karkaroff
61.4%
Crookshanks
61.4%
Poppy Pomfrey
61.4%
Alicia Spinnet
61.4%
Norbert
61.4%
Pansy Parkinson
59.6%
Mrs. Norris
59.6%
Cuthbert Binns
59.6%
Antonin Dolohov
59.6%
Tom
59.6%
Wormtail
57.9%
Godric Gryffindor
57.9%
Amelia Bones
57.9%
Bane
57.9%
Griphook
56.1%
Lee Jordan
56.1%
Salazar Slytherin
56.1%
Nagini
56.1%
Rowena Ravenclaw
56.1%
Mr. Ollivander
54.4%
% Correct
Kingsly Shacklebolt
54.4%
Colin Creevey
54.4%
Cormac McLaggen
54.4%
Elphias Doge
54.4%
Arabella Figg
54.4%
Rolanda Hooch
54.4%
Dedalus Diggle
54.4%
Errol
54.4%
Hannah Abbott
54.4%
Rita Skeeter
52.6%
Pigwidgeon
52.6%
Blaise Zabini
52.6%
Michael Corner
52.6%
Ludo Bagman
50.9%
Peeves
50.9%
Ernie Macmillan
50.9%
Gellert Grindelwald
50.9%
Wilhelmia Grubbly-Plank
50.9%
Moaning Myrtle
49.1%
Bathilda Bagshot
49.1%
The Fat Lady
49.1%
Fawkes
49.1%
Gregorovitch
49.1%
Marietta Edgecombe
49.1%
Marcus Flint
49.1%
Fenrir Greyback
47.4%
Grawp
47.4%
Mundungus Fletcher
43.9%
Stan Shunpike
43.9%
Justin Finch-Fletchley
43.9%
Madam Rosmerta
43.9%
Barty Crouch Jr.
43.9%
Madam Malkin
43.9%
Barty Crouch Sr.
42.1%
Augustus Rookwood
42.1%
Frank Bryce
40.4%
Mary Cattermole
38.6%
Walden Macnair
36.8%
Mr. Borgin
33.3%
Bertha Jorkins
33.3%
Ernie Prang
33.3%
Sir Cadogan
33.3%
Roger Davies
31.6%
Broderick Bode
31.6%
Montague
29.8%
Lily Evans
28.1%
Bob Ogden
28.1%
Travers
28.1%
Nicolas Flamel
24.6%
Aunt muriel
10.5%

You're not logged in!

Compare scores with friends on all Sporcle quizzes.
OR
Log In

From the Vault

What Movie? Rooftops in Movies

by Larryholmes79

Sometimes roof jokes just go over your head.
Remove Ads.
Support Sporcle.
Get the best of Sporcle when you Go Orange. This ad-free experience offers more features, more stats, and more fun while also helping to support Sporcle. Thank you for becoming a member.

Show Comments

Extras

Created Mar 3, 2011SourceReportNominate
Tags:Character

Top Quizzes Today


Score Distribution

Your Account Isn't Verified!

In order to create a playlist on Sporcle, you need to verify the email address you used during registration. Go to your Sporcle Settings to finish the process.

Report this User

Report this user for behavior that violates our Community Guidelines.

Details: